000 01294njm a22002897a 4500
005 20100914101026.0
007 sd ammalaaahaa
008 100914t xxu||||| |||| 00| 0 hin d
028 _a7EPE 7085
_bHis Master's Voice
035 _aGR-02383
100 _aMangeshkar, Lata
_919854
245 _aBidaai /
_cby Lata Mangeshkar & Kishore Kumar ; music by Laxmikant ; lyric by Anand Bakshi
_h[sound recording] :
246 _aबिदाई (लता मंगेशकर और किशोर कुमार)
260 _aDum Dum, India
_bHis Master's Voice
_c1974
300 _a1 sound disc [Gramophone record] :
_banalog, 45 rpm
_c7 in.
_fGramophone record
500 _aBrief record.
500 _aHis Master's Voice
500 _aOrange
500 _aExtended Play
505 _aPart 1 Yeh hai mera premi (Lata Mangeshkar) यह है मेरा प्रेमी Part 2 Kabhi khole na tijori ka tala (Kishore Kumar) कभी खोले न तिजोरी का ताला
650 _aClassical Music
_xExcerpts
_zIndia
_919855
_vFilm Song
700 _aKishore Kumar
_91184
700 _aLaxmikant Pyarelal
_919857
700 _aBakshi, Anand
_919929
942 _2ddc
_cGR
999 _c45637
_d45637